=LDR 00000nam 2200000 4500 =001 INLIS000000000047324 =005 20201230083536 =035 ##$$a 0010-101500000000035 =008 201230################g##########0#ind## =082 ##$$a 330.9 =100 1#$$a Bedjaoui, Mohammed =245 1#$$a Menuju tata ekonomi dunia baru /$c Mohammed Bedjaoui =260 ##$$a Jakarta :$b Gunung Agung,$c 1983 =300 ##$$a x,319 Hlm ; $c 21x14 cm =850 ##$$a NBPNMAT =084 ##$$a 330.9 MOH m =250 ##$$a cet.1 =650 #4$$a Penataan ekonomi =990 ##$$a 00090506